08556 2204069 4500001002100000008004100021035002000062245004500082100000900127110001900136250001300155260004800168300000800216020001800224084001400242082000800256650001000264990001300274990001300287990001300300990001300313990001300326990001300339990001300352990001300365990001300378990001300391990001300404990001300417990001300430990001300443990001300456990001300469990001300482990001300495990001300508990001300521990001300534990001300547990001300560990001300573990001300586990001300599990001300612990001300625990001300638990001300651990001300664990001300677990001300690990001300703990001300716990001300729990001300742990001300755990001300768990001300781990001300794990001300807990001300820990001300833990001300846990001300859990001300872990001300885990001300898990001300911990001300924990001300937990001300950990001300963990001300976990001300989990001301002990001301015990001301028990001301041990001301054990001301067990001301080990001301093990001301106990001301119990001301132990001301145990001301158990001301171990001301184990001301197990001301210990001301223990001301236990001301249990001301262990001301275990001301288990001301301990001301314990001301327990001301340990001301353990001301366990001301379990001301392990001301405990001301418990001301431990001301444990001301457990001301470990001301483990001301496990001301509990001301522990001301535990001301548990001301561990001301574990001301587990001301600990001301613990001301626990001301639990001301652990001301665990001301678990001301691990001301704990001301717990001301730990001301743990001301756990001301769990001301782990001301795990001301808990001301821990001301834990001301847990001301860990001301873990001301886990001301899990001301912990001301925990001301938990001301951990001301964990001301977990001301990990001302003990001302016990001302029990001302042990001302055990001302068990001302081990001302094990001302107990001302120990001302133990001302146990001302159990001302172990001302185990001302198990001302211990001302224990001302237990001302250990001302263990001302276990001302289990001302302990001302315990001302328990001302341990001302354990001302367990001302380990001302393990001302406990001302419990001302432990001302445990001302458990001302471990001302484990001302497990001302510990001302523990001302536990001302549990001302562990001302575990001302588990001302601990001302614990001302627990001302640990001302653990001302666990001302679990001302692990001302705990001302718990001302731990001302744990001302757990001302770990001302783990001302796990001302809990001302822990001302835990001302848990001302861990001302874990001302887990001302900990001302913990001302926990001302939990001302952990001302965990001302978990001302991990001303004990001303017990001303030990001303043990001303056990001303069990001303082990001303095990001303108990001303121990001303134990001303147990001303160990001303173990001303186990001303199990001303212990001303225990001303238990001303251990001303264990001303277990001303290990001303303990001303316990001303329990001303342990001303355990001303368990001303381990001303394990001303407990001303420990001303433990001303446990001303459990001303472990001303485990001303498990001303511990001303524990001303537990001303550990001303563990001303576990001303589990001303602990001303615990001303628990001303641990001303654990001303667990001303680990001303693990001303706990001303719990001303732990001303745990001303758990001303771990001303784990001303797990001303810990001303823990001303836990001303849990001303862990001303875990001303888990001303901990001303914990001303927990001303940990001303953990001303966990001303979990001303992990001304005990001304018990001304031990001304044990001304057990001304070990001304083990001304096990001304109990001304122990001304135990001304148990001304161990001304174990001304187990001304200990001304213990001304226990001304239990001304252990001304265990001304278990001304291990001304304990001304317990001304330990001304343990001304356990001304369990001304382990001304395990001304408990001304421990001304434990001304447990001304460990001304473INLIS000000000000011 ind  a0010-0223000010 aILMU PENGETAHUAN ALAMcVICTORIANI INABUY a0101 aDapat dipinjam aTersedia aJAKARTAbPT. INPERA PRATAMA INDONESIAc2022 a264 a9786022443841 a507 VIC i a507 aagama aIKM.7106 aIKM.7107 aIKM.7108 aIKM.7109 aIKM.7110 aIKM.7111 aIKM.7112 aIKM.7113 aIKM.7114 aIKM.7115 aIKM.7116 aIKM.7117 aIKM.7118 aIKM.7119 aIKM.7120 aIKM.7121 aIKM.7122 aIKM.7123 aIKM.7124 aIKM.7125 aIKM.7126 aIKM.7127 aIKM.7128 aIKM.7129 aIKM.7130 aIKM.7131 aIKM.7132 aIKM.7133 aIKM.7134 aIKM.7135 aIKM.7136 aIKM.7137 aIKM.7138 aIKM.7139 aIKM.7140 aIKM.7141 aIKM.7142 aIKM.7143 aIKM.7144 aIKM.7145 aIKM.7146 aIKM.7147 aIKM.7148 aIKM.7149 aIKM.7150 aIKM.7151 aIKM.7152 aIKM.7153 aIKM.7154 aIKM.7155 aIKM.7156 aIKM.7157 aIKM.7158 aIKM.7159 aIKM.7160 aIKM.7161 aIKM.7162 aIKM.7163 aIKM.7164 aIKM.7165 aIKM.7166 aIKM.7167 aIKM.7168 aIKM.7169 aIKM.7170 aIKM.7171 aIKM.7172 aIKM.7173 aIKM.7174 aIKM.7175 aIKM.7176 aIKM.7177 aIKM.7178 aIKM.7179 aIKM.7180 aIKM.7181 aIKM.7182 aIKM.7183 aIKM.7184 aIKM.7185 aIKM.7186 aIKM.7187 aIKM.7188 aIKM.7189 aIKM.7190 aIKM.7191 aIKM.7192 aIKM.7193 aIKM.7194 aIKM.7195 aIKM.7196 aIKM.7197 aIKM.7198 aIKM.7199 aIKM.7200 aIKM.7201 aIKM.7202 aIKM.7203 aIKM.7204 aIKM.7205 aIKM.7206 aIKM.7207 aIKM.7208 aIKM.7209 aIKM.7210 aIKM.7211 aIKM.7212 aIKM.7213 aIKM.7214 aIKM.7215 aIKM.7216 aIKM.7217 aIKM.7218 aIKM.7219 aIKM.7220 aIKM.7221 aIKM.7222 aIKM.7223 aIKM.7224 aIKM.7225 aIKM.7226 aIKM.7227 aIKM.7228 aIKM.7229 aIKM.7230 aIKM.7231 aIKM.7232 aIKM.7233 aIKM.7234 aIKM.7235 aIKM.7236 aIKM.7237 aIKM.7238 aIKM.7239 aIKM.7240 aIKM.7241 aIKM.7242 aIKM.7243 aIKM.7244 aIKM.7245 aIKM.7246 aIKM.7247 aIKM.7248 aIKM.7249 aIKM.7250 aIKM.7251 aIKM.7252 aIKM.7253 aIKM.7254 aIKM.7255 aIKM.7256 aIKM.7257 aIKM.7258 aIKM.7259 aIKM.7260 aIKM.7261 aIKM.7262 aIKM.7263 aIKM.7264 aIKM.7265 aIKM.7266 aIKM.7267 aIKM.7268 aIKM.7269 aIKM.7270 aIKM.7271 aIKM.7272 aIKM.7273 aIKM.7274 aIKM.7275 aIKM.7276 aIKM.7277 aIKM.7278 aIKM.7279 aIKM.7280 aIKM.7281 aIKM.7282 aIKM.7283 aIKM.7284 aIKM.7285 aIKM.7286 aIKM.7287 aIKM.7288 aIKM.7289 aIKM.7290 aIKM.7291 aIKM.7292 aIKM.7293 aIKM.7294 aIKM.7295 aIKM.7296 aIKM.7297 aIKM.7298 aIKM.7299 aIKM.7300 aIKM.7301 aIKM.7302 aIKM.7303 aIKM.7304 aIKM.7305 aIKM.7306 aIKM.7307 aIKM.7308 aIKM.7309 aIKM.7310 aIKM.7311 aIKM.7312 aIKM.7313 aIKM.7314 aIKM.7315 aIKM.7316 aIKM.7317 aIKM.7318 aIKM.7319 aIKM.7320 aIKM.7321 aIKM.7322 aIKM.7323 aIKM.7324 aIKM.7325 aIKM.7326 aIKM.7327 aIKM.7328 aIKM.7329 aIKM.7330 aIKM.7331 aIKM.7332 aIKM.7333 aIKM.7334 aIKM.7335 aIKM.7336 aIKM.7337 aIKM.7338 aIKM.7339 aIKM.7340 aIKM.7341 aIKM.7342 aIKM.7343 aIKM.7344 aIKM.7345 aIKM.7346 aIKM.7347 aIKM.7348 aIKM.7349 aIKM.7350 aIKM.7351 aIKM.7352 aIKM.7353 aIKM.7354 aIKM.7355 aIKM.7356 aIKM.7357 aIKM.7358 aIKM.7359 aIKM.7360 aIKM.7361 aIKM.7362 aIKM.7363 aIKM.7364 aIKM.7365 aIKM.7366 aIKM.7367 aIKM.7368 aIKM.7369 aIKM.7370 aIKM.7371 aIKM.7372 aIKM.7373 aIKM.7374 aIKM.7375 aIKM.7376 aIKM.7377 aIKM.7378 aIKM.7379 aIKM.7380 aIKM.7381 aIKM.7382 aIKM.7383 aIKM.7384 aIKM.7385 aIKM.7386 aIKM.7387 aIKM.7388 aIKM.7389 aIKM.7390 aIKM.7391 aIKM.7392 aIKM.7393 aIKM.7394 aIKM.7395 aIKM.7396 aIKM.7397 aIKM.7398 aIKM.7399 aIKM.7400 aIKM.7401 aIKM.7402 aIKM.7403 aIKM.7404 aIKM.7405 aIKM.7406 aIKM.7407 aIKM.7408 aIKM.7409 aIKM.7410 aIKM.7411 aIKM.7412 aIKM.7413 aIKM.7414 aIKM.7415 aIKM.7416 aIKM.7417 aIKM.7418 aIKM.7419 aIKM.7420 aIKM.7421 aIKM.7422 aIKM.7423 aIKM.7424 aIKM.7425 aIKM.7426 aIKM.7427 aIKM.7428 aIKM.7429